| 000 | 00949nam a22002897a 4500 | ||
|---|---|---|---|
| 001 | BR8703139 | ||
| 003 | BR-BrBNA | ||
| 005 | 20230928092555.0 | ||
| 007 | ta | ||
| 008 | 230509b bl.||||| |||| 00| 0 por d | ||
| 040 |
_aBR-BrBNA _bpor _cBiblioteca Nacional de Agricultura |
||
| 041 | _a(Por) | ||
| 072 | _aE11; E12 | ||
| 090 | _ E11 BR8703139 | ||
| 100 | 1 | _aOliveira, L.A.P. de | |
| 110 | 1 |
_aUniversidade Federal de Minas Gerais, Belo Horizonte (Brasil). Centro de Desenvolvimento e Planejamento Regional _0Tese (Mestre em Economia) _910836 |
|
| 245 | 1 | _aO sertanejo, o brabo e o posseiro: a periferia de Rio Branco e os cem anos de andanca da populacao acreana | |
| 260 | 3 |
_aBelo Horizonte, MG (Brasil): _c1982. |
|
| 300 | _a145 p. | ||
| 500 | _aSummary (Por) | ||
| 650 | _aPOSSE DE TERRA | ||
| 650 | _aMAO-DE-OBRA | ||
| 650 | _aTRABALHADOR RURAL | ||
| 650 | _aMINAS GERAIS | ||
| 909 |
_a202309 _bLucia _c55 _dLucia Elande |
||
| 942 | _cBK | ||
| 999 |
_c39904 _d39904 |
||